International investments / (Record no. 345720)
[ view plain ]
| 000 -LEADER | |
|---|---|
| fixed length control field | 01165 a2200241 4500 |
| 020 ## - INTERNATIONAL STANDARD BOOK NUMBER | |
| International Standard Book Number | 0201785684 |
| 020 ## - INTERNATIONAL STANDARD BOOK NUMBER | |
| International Standard Book Number | 9780201785685 |
| 082 04 - DEWEY DECIMAL CLASSIFICATION NUMBER | |
| Classification number | 332.673 |
| 090 ## - LOCALLY ASSIGNED LC-TYPE CALL NUMBER (OCLC); LOCAL CALL NUMBER (RLIN) | |
| -- | 3232 |
| -- | 3232 |
| 100 1# - MAIN ENTRY--PERSONAL NAME | |
| Personal name | Solnik, Bruno H. |
| 245 10 - TITLE STATEMENT | |
| Title | International investments / |
| Statement of responsibility, etc. | Bruno H. Solnik. |
| 250 ## - EDITION STATEMENT | |
| Edition statement | 5th ed. |
| 260 ## - PUBLICATION, DISTRIBUTION, ETC. | |
| Place of publication, distribution, etc. | [S.l.] : |
| Name of publisher, distributor, etc. | Pearson Education, |
| Date of publication, distribution, etc. | 2003. |
| 300 ## - PHYSICAL DESCRIPTION | |
| Extent | 760 p. ; |
| Dimensions | 24 cm. |
| 490 1# - SERIES STATEMENT | |
| Series statement | The addison-wesley series in finance. |
| 500 ## - GENERAL NOTE | |
| General note | Hardcover. |
| 520 ## - SUMMARY, ETC. | |
| Summary, etc. | Written for advanced undergraduates and MBA students and widely used by professionals working in the investments area, International Investments provides accessible coverage of international capital markets. It has been selected by the AIMR as recommended reading for the CFA exam due to its comprehensive and current coverage of international investment concepts and theories. |
| 700 1# - ADDED ENTRY--PERSONAL NAME | |
| Personal name | McLeavey, Dennis W. |
| 830 #4 - SERIES ADDED ENTRY--UNIFORM TITLE | |
| Uniform title | The addison-wesley series in finance. |
| 856 40 - ELECTRONIC LOCATION AND ACCESS | |
| Materials specified | Amazon.com |
| Uniform Resource Identifier | <a href="http://www.amazon.com/exec/obidos/ASIN/0201785684/chopaconline-20">http://www.amazon.com/exec/obidos/ASIN/0201785684/chopaconline-20</a> |
| 856 40 - ELECTRONIC LOCATION AND ACCESS | |
| Materials specified | Amazon customer reviews |
| Uniform Resource Identifier | <a href="http://www.chopac.org/cgi-bin/tools/azrev.pl?q=0201785684">http://www.chopac.org/cgi-bin/tools/azrev.pl?q=0201785684</a> |
| 942 ## - ADDED ENTRY ELEMENTS (KOHA) | |
| Institution code [OBSOLETE] | NBS |
| Koha item type | Book |
| Call number prefix | 332.6733 SOL |
| Withdrawn status | Lost status | Damaged status | Not for loan | Permanent Location | Current Location | Date acquired | Total Checkouts | Full call number | Barcode | Date last seen | Date last checked out | Price effective from | Koha item type | Public note |
|---|---|---|---|---|---|---|---|---|---|---|---|---|---|---|
| Central Library (CL) | Central Library (CL) | 08/28/2013 | 1 | 332.6733 SOL | NBS7897 | 11/22/2017 | 08/04/2017 | 08/28/2013 | Book | |||||
| Write Off | Central Library (CL) | Central Library (CL) | 08/28/2013 | 2 | 332.6733 SOL | NBS7898 | 11/22/2017 | 08/04/2017 | 08/28/2013 | Book | No. 0908/NBS/IRC Dated: 12 June, 2012 | |||
| Central Library (CL) | Central Library (CL) | 08/28/2013 | 1 | 332.6733 SOL | NBS7899 | 11/22/2017 | 08/04/2017 | 08/28/2013 | Book | |||||
| Central Library (CL) | Central Library (CL) | 08/28/2013 | 1 | 332.6733 SOL | NBS7900 | 11/22/2017 | 08/04/2017 | 08/28/2013 | Book | |||||
| Central Library (CL) | Central Library (CL) | 08/28/2013 | 1 | 332.6733 SOL | NBS7901 | 11/22/2017 | 08/04/2017 | 08/28/2013 | Book |
